| 000 | 03501cam a22006014a 4500 | ||
|---|---|---|---|
| 001 | muse8826 | ||
| 003 | MdBmJHUP | ||
| 005 | 20210127150947.0 | ||
| 006 | m o d | ||
| 007 | cr||||||||nn|n | ||
| 008 | 120411r20121997onc o 00 0 fre d | ||
| 020 | _a9782760316355 | ||
| 020 | _a2760316351 | ||
| 020 | _z9782760304390 | ||
| 020 | _z2760304396 | ||
| 035 | _a(OCoLC)144083606 | ||
| 040 |
_aMdBmJHUP _cMdBmJHUP |
||
| 043 |
_an-cn--- _an-cn-qu |
||
| 050 | 4 |
_aF1053.2 _bM273 1997 |
|
| 082 | 0 |
_a971/.004114 _221 |
|
| 100 | 1 |
_aMartel, Marcel, _d1965- |
|
| 245 | 1 | 3 |
_aLe Deuil d'un pays imaginé _bRêves, luttes et déroute du Canada français / _cMarcel Martel. |
| 264 | 1 | _bPresses de l'Universite d'Ottawa, | |
| 264 | 3 | _bProject MUSE, | |
| 300 |
_a1 online resource (1 electronic text 203 p.) : _bdigital file. |
||
| 490 | 0 | _aCollection Amerique française | |
| 500 | _aIssued as part of book collections on Project MUSE. | ||
| 500 | _aIssued as part of book collections on Project MUSE. | ||
| 504 | _aIncludes bibliographical references and index. | ||
| 505 | 0 | _aRemerciements -- Tableau des sigles --; Chronologie -- Introduction -- Chapitre un: Le Canada français se decouvre : formulation d'un projet de societe (1867-1937) -- Chapitre deux: Le Conseil de la vie française en Amerique : un pilier du reseau institutionnel canadien-français -- Chapitre trois: Le Canada français à l'oeuvre : le Conseil de la vie française en Amerique (1945-1960) -- Chapitre quatre: De l'euphorie au desenchantement : l'intervention gouvernementale quebecoise (1956-1975) -- Chapitre cinq: Les annees 1960 : contestations et transformations du projet du Canada français. | |
| 506 | 0 |
_aOpen Access _fUnrestricted online access _2star |
|
| 520 | _aDepuis 1960, les relations entre le Quebec et la francophonie canadienne n'ont pas cesse de s'effriter. En fait, la Revolution tranquille a apporte dans son sillage le renouvellement du discours identitaire au Canada français. Marcel Martel nous livre ici une fascinante etude historique et politique des rapports entre ces communautes de 1867 à 1975, annee precedent l'election du Parti Quebecois. Faisant l'etude de quelques-uns des principaux catalyseurs tels l'Ordre de Jacques-Cartier, le Conseil de la vie française en Amerique, l'Association canadienne-française d'education de l'Ontario, le D. | ||
| 550 | _aCo-published by: Centre de recherche en civilisation canadienne-française. | ||
| 588 | _aDescription based on print version record. | ||
| 610 | 2 | 0 | _aConseil de la vie française en Amerique. |
| 650 | 0 |
_aNationalism _zQuebec (Province) |
|
| 651 | 0 |
_aQuebec (Province) _xHistory _xAutonomy and independence movements. |
|
| 655 | 0 | _aElectronic books. | |
| 655 | 7 |
_aElectronic books. _2local |
|
| 710 | 2 | _aProject Muse. | |
| 710 | 2 |
_aUniversite d'Ottawa. _bCentre de recherche en civilisation canadienne-française. |
|
| 776 | 1 | 8 |
_iPrint version: _z2760304396 _z9782760304390 |
| 710 | 2 |
_aProject Muse. _edistributor |
|
| 830 | 0 | _aCollection Amerique française. | |
| 830 | 0 | _aBook collections on Project MUSE. | |
| 856 | 4 | 0 |
_zFull text available: _uhttps://muse.jhu.edu/book/12432/ |
| 945 | _aProject MUSE - Archive History Foundation | ||
| 945 | _aProject MUSE - Archive Complete Foundation | ||
| 999 |
_c24118 _d24118 |
||